[Event "Politiken Cup"]
[Site "Copenhagen"]
[Date "1998.07.09"]
[Round "6"]
[White "Kristensen, Brian"]
[Black "Sylvan, Jacob"]
[Result "0-1"]
[WhiteElo "2185"]
[BlackElo "2290"]
[PlyCount "54"]
[EventDate "1998.07.04"]
[Source "ChessBase"]
[SourceDate "1998.09.09"]

1. g4 d5 2. h3 e5 3. Bg2 c6 4. d4 e4 5. c4 Bd6 6. Nc3 Ne7 7. Qc2 O-O 8. Bd2 Na6 9. a3 f5 10. O-O-O Be6 11. f3 e3 12. Bxe3 f4 13. Bd2 dxc4 14. e3 fxe3 15. Bxe3 Nd5 16. Nxd5 cxd5 17. Ne2 b5 18. f4 b4 19. a4 b3 20. Qb1 Nb4 21. f5 Bf7 22. Nc3 Re8 23. Ne4 dxe4 24. Bxe4 Bd5 25. Bxd5+ Nxd5 26. Bd2 c3 27. Bxc3 Bf4+ 0-1

[Event "CP.1998.P.00012"]
[Site "?"]
[Date "1998.??.??"]
[Round "?"]
[White "Johansen John Martin"]
[Black "Barry Bob"]
[Result "0-1"]
[WhiteElo "2360"]
[BlackElo "2115"]
[PlyCount "168"]
[EventDate "1998.??.??"]
[Source "www.chesslib.no"]
[SourceDate "2004.05.04"]

1. g4 g6 2. Bg2 Bg7 3. c4 e5 4. d3 d6 5. h3 Ne7 6. Nc3 Nbc6 7. Nf3 O-O 8. Qb3 Rb8 9. Bd2 Be6 10. Qa3 a6 11. Ng5 Bd7 12. O-O-O b5 13. Nd5 Nxd5 14. Bxd5 b4 15. Qxa6 Ra8 16. Qb5 Nd4 17. Qb7 Rxa2 18. Kb1 Ra4 19. e3 Bc8 20. Nxf7 Bxb7 21. Nxd8+ Bxd5 22. cxd5 Rxd8 23. exd4 b3 24. Be3 Rda8 25. Kc1 exd4 26. Bg5 R4a5 27. Kd2 Rxd5 28. f4 Ra2 29. Rb1 Rc5 30. Rhc1 Rxc1 31. Kxc1 Kf7 32. Kd1 c5 33. Ke2 d5 34. f5 c4 35. Kf3 h6 36. Bc1 gxf5 37. gxf5 h5 38. Bg5 cxd3 39. h4 Bf8 40. Kg3 Bb4 41. Kf3 Ba5 42. f6 Bb4 43. Bf4 Kxf6 44. Bh6 Kg6 45. Bf4 Kf5 46. Bg5 Ba5 47. Bh6 Bd8 48. Bg7 Bf6 49. Bxf6 Kxf6 50. Kf2 Kf5 51. Ke1 Kg4 52. Kd2 Kxh4 53. Kxd3 Ra4 54. Rh1+ Kg5 55. Rg1+ Kh6 56. Rg8 Ra2 57. Rg2 Ra4 58. Rh2 Rc4 59. Rh1 Rc2 60. Kxd4 Rxb2 61. Kc3 Rg2 62. Kxb3 d4 63. Kc4 Rg4 64. Rf1 h4 65. Rh1 Kg5 66. Kd3 Kf5 67. Ke2 Rf4 68. Rh2 Kg4 69. Rg2+ Kh3 70. Rg8 Kh2 71. Rg6 Kh3 72. Rg1 Kh2 73. Rg7 h3 74. Kd3 Kh1 75. Ke2 h2 76. Rg8 d3+ 77. Kxd3 Rf1 78. Ke3 Rg1 79. Rc8 Kg2 80. Rg8+ Kf1 81. Rf8+ Ke1 82. Ra8 Rg3+ 83. Kf4 Rf3+ 84. Ke4 Rh3 0-1

[Event "France"]
[Site "?"]
[Date "2003.11.16"]
[Round "3"]
[White "Boucher Eric"]
[Black "Leriche Eric"]
[Result "1/2-1/2"]
[WhiteElo "2147"]
[BlackElo "2319"]
[PlyCount "57"]
[EventDate "2003.??.??"]
[Source "www.chesslib.no"]
[SourceDate "2004.05.04"]

1. g4 e5 2. Bg2 Nc6 3. Nc3 Nge7 4. Nf3 d5 5. h3 Ng6 6. d3 Be7 7. e4 dxe4 8. Nxe4 f5 9. gxf5 Bxf5 10. Ng3 Be6 11. h4 Qd7 12. Ng5 Bxg5 13. Bxg5 O-O 14. Be4 Qf7 15. Rh2 Nd4 16. h5 Nf4 17. c3 Nh3 18. Be3 Nf3+ 19. Bxf3 Qxf3 20. Qxf3 Rxf3 21. O-O-O Rd8 22. Kc2 b6 23. b3 h6 24. Rd2 c5 25. a4 a5 26. Rh1 Rdf8 27. Rh2 Rd8 28. Rh1 Rdf8 29. Rh2 1/2-1/2

[Event "Corr"]
[Site "?"]
[Date "1999.??.??"]
[Round "?"]
[White "Gogin Ruslan"]
[Black "Lauk Uelar"]
[Result "0-1"]
[WhiteElo "2120"]
[BlackElo "2346"]
[PlyCount "40"]
[EventDate "1999.??.??"]
[Source "www.chesslib.no"]
[SourceDate "2004.05.04"]

1. g4 d5 2. h3 h5 3. g5 e5 4. d3 Nc6 5. Bg2 Be6 6. c3 Qd7 7. b4 Bd6 8. a3 a5 9. Bb2 axb4 10. axb4 Rxa1 11. Bxa1 Nge7 12. e3 Ng6 13. h4 O-O 14. Qxh5 Bg4 15. Bh3 Bxh5 16. Bxd7 Ra8 17. Bb2 Ra2 18. Bc1 Ra1 19. Kd2 Rxb1 20. Kc2 Ra1 0-1

[Event "London ENG"]
[Site "?"]
[Date "2000.??.??"]
[Round "1"]
[White "Basman Michael J"]
[Black "Lappage Jonathan"]
[Result "1-0"]
[WhiteElo "2350"]
[BlackElo "2114"]
[PlyCount "72"]
[EventDate "2000.??.??"]
[Source "www.chesslib.no"]
[SourceDate "2004.05.04"]

1. g4 d5 2. h3 e5 3. Bg2 c6 4. c4 dxc4 5. Qc2 Be6 6. Nf3 Nd7 7. Nc3 f6 8. Nh4 Ne7 9. Ne4 Nd5 10. Nf5 N7b6 11. b3 cxb3 12. axb3 Nb4 13. Qb1 N6d5 14. Ba3 a5 15. Bf3 Qd7 16. Nfg3 Be7 17. Nh5 O-O 18. Rg1 Rfd8 19. Bc1 g6 20. Nhg3 Nf4 21. Rh1 b5 22. d3 c5 23. Be3 c4 24. bxc4 bxc4 25. dxc4 Bxc4 26. Bb6 Rdb8 27. Qc1 Nbd3+ 28. Kf1 Nxc1 29. Bc5 Kf7 30. Rxc1 Bxc5 31. Nxc5 Qd2 32. Re1 Rb2 33. Nce4 Qd4 34. Nd6+ Qxd6 35. Bxa8 a4 36. Bf3 a3 1-0

[Event "It (Open) INT"]
[Site "?"]
[Date "2006.05.06"]
[Round "?"]
[White "Reprintsev Alexander"]
[Black "Barishvili Giorgi"]
[Result "1-0"]
[WhiteElo "2415"]
[BlackElo "2044"]
[PlyCount "31"]
[EventDate "2006.??.??"]
[Source "www.chesslib.no"]
[SourceDate "2004.05.04"]

1. g4 d5 2. Bg2 Bxg4 3. c4 Be6 4. Qb3 b6 5. cxd5 Bd7 6. d4 c6 7. Nc3 cxd5 8. Bxd5 Bc6 9. Bxf7+ Kd7 10. d5 Bb7 11. Qb5+ Kc7 12. Bf4+ Kc8 13. Rc1 a6 14. Ne4+ Nc6 15. Be6+ Qd7 16. Bxd7+ 1-0

[Event "It Open"]
[Site "?"]
[Date "1996.??.??"]
[Round "3"]
[White "Kiltti Jyrki"]
[Black "Niemela Antti"]
[Result "0-1"]
[WhiteElo "2235"]
[BlackElo "2220"]
[PlyCount "63"]
[EventDate "1996.??.??"]
[Source "www.chesslib.no"]
[SourceDate "2004.05.04"]

1. g4 d5 2. Bg2 Bxg4 3. c4 c6 4. Qb3 e6 5. Qxb7 Nd7 6. Qxc6 Rc8 7. Qa6 Rxc4 8. Na3 Rc8 9. Qxa7 Bc5 10. Qa4 Ngf6 11. Nf3 O-O 12. O-O Bd6 13. d3 Bb8 14. Bf4 Nc5 15. Qd4 Bxf3 16. Bxf3 Bxf4 17. Qxf4 Qb6 18. Rab1 Nfd7 19. Rfc1 e5 20. Qe3 e4 21. dxe4 dxe4 22. Bg2 f5 23. b4 f4 24. Qh3 Ne6 25. Bxe4 Nf6 26. Rxc8 Rxc8 27. Bf5 Re8 28. Nc4 Qc6 29. Na5 Qd5 30. Bxe6+ Rxe6 31. Qb3 Qf5 32. Nc6 0-1

[Event "Oberliga Baden 0001"]
[Site "?"]
[Date "2001.01.07"]
[Round "4.1"]
[White "Benend Andreas"]
[Black "Metz Hartmut"]
[Result "1/2-1/2"]
[WhiteElo "2107"]
[BlackElo "2334"]
[PlyCount "117"]
[EventDate "2001.??.??"]
[Source "www.chesslib.no"]
[SourceDate "2004.05.04"]

1. g4 d5 2. h3 c6 3. Bg2 e5 4. d4 exd4 5. Qxd4 Qb6 6. Be3 Nd7 7. Qxb6 axb6 8. Nd2 h5 9. g5 b5 10. Ngf3 Ne7 11. O-O Ng6 12. Nd4 Nh4 13. f4 Nc5 14. Bf2 Nxg2 15. Kxg2 Ne6 16. Nxe6 Bxe6 17. Bd4 Bf5 18. c3 Kd7 19. Rfe1 c5 20. Be5 Rg8 21. Kh2 Ra6 22. e4 dxe4 23. Nxe4 Bxe4 24. Rxe4 f6 25. Bb8 fxg5 26. fxg5 Bd6+ 27. Bxd6 Rxd6 28. Rae1 Rd2+ 29. R1e2 Rxe2+ 30. Rxe2 Ra8 31. a3 Rf8 32. Kg3 Kd6 33. Rd2+ Ke6 34. Re2+ Kd6 35. Rd2+ Kc6 36. Re2 Rf7 37. Kh4 Rf3 38. Kxh5 Rxh3+ 39. Kg6 Rg3 40. Re5 Rg2 41. b4 b6 42. Kxg7 Rg3 43. g6 Rxc3 44. Kf6 Rf3+ 45. Rf5 Rxa3 46. g7 Ra8 47. Kf7 cxb4 48. g8=Q Rxg8 49. Kxg8 b3 50. Rf3 Kc5 51. Rxb3 b4 52. Kf7 Kc4 53. Rb1 b3 54. Ke6 b5 55. Kd6 b4 56. Kc6 Kc3 57. Kb5 Kc2 58. Kxb4 Kxb1 59. Kxb3 1/2-1/2

[Event "SVR Ch Nickenich"]
[Site "?"]
[Date "1996.??.??"]
[Round "?"]
[White "Muellen Armin"]
[Black "Czeratzki Michael"]
[Result "1/2-1/2"]
[WhiteElo "2225"]
[BlackElo "2215"]
[PlyCount "54"]
[EventDate "1996.??.??"]
[Source "www.chesslib.no"]
[SourceDate "2004.05.04"]

1. g4 d5 2. h3 e5 3. Bg2 c6 4. d4 Nd7 5. c3 Bd6 6. dxe5 Nxe5 7. e4 dxe4 8. Bxe4 Nf6 9. Bg5 h6 10. Bxf6 Qxf6 11. Nd2 Bc5 12. Ngf3 Be6 13. Qe2 O-O-O 14. Nxe5 Qxe5 15. O-O-O Rhe8 16. Qf3 Kb8 17. a3 Qc7 18. Rhe1 Bd6 19. Nf1 Qb6 20. Ne3 Qa6 21. Nc2 Bb3 22. Bd3 Qb6 23. Rxe8 Rxe8 24. Be4 Qc7 25. Re1 Bf4+ 26. Ne3 Qd6 27. Bc2 Bd5 1/2-1/2

[Event "CRO-ch U18"]
[Site "?"]
[Date "2000.??.??"]
[Round "3"]
[White "Bobanac Miro"]
[Black "Marinic Kragic Miroslav"]
[Result "1-0"]
[WhiteElo "2250"]
[BlackElo "2189"]
[PlyCount "57"]
[EventDate "2000.??.??"]
[Source "www.chesslib.no"]
[SourceDate "2004.05.04"]

1. g4 d5 2. e3 e5 3. b3 Qh4 4. h3 e4 5. Nc3 Nf6 6. Bg2 Bd6 7. Bb2 c6 8. Qe2 Nfd7 9. O-O-O Qe7 10. f3 exf3 11. Nxf3 Ne5 12. Nxe5 Bxe5 13. d4 Bc7 14. e4 dxe4 15. Bxe4 Be6 16. d5 cxd5 17. Nxd5 Bxd5 18. Rxd5 f6 19. Qb5+ Nc6 20. Qc4 Bd6 21. Re1 Ne5 22. Qa4+ Kf7 23. Rxd6 Qxd6 24. Rd1 Qa6 25. Bd5+ Kg6 26. Qe4+ Kh6 27. Bxb7 Nd3+ 28. Rxd3 Rae8 29. Qxe8 1-0

[Event "Budapest HUN"]
[Site "Budapest HUN"]
[Date "1996.??.??"]
[Round "5"]
[White "Schlusnik, Nandor"]
[Black "Pergel, Laszlo"]
[Result "1-0"]
[WhiteElo "2225"]
[BlackElo "2210"]
[PlyCount "87"]
[EventDate "1996.??.??"]
[Source "www.chesslib.no"]
[SourceDate "2004.05.04"]

1. g4 d5 2. Bg2 Bxg4 3. c4 c6 4. cxd5 cxd5 5. Qb3 Nf6 6. Nc3 Qb6 7. Qxb6 axb6 8. Nxd5 Nxd5 9. Bxd5 Nc6 10. h3 Bh5 11. a3 e6 12. Be4 Ra5 13. d3 Bg6 14. Bg2 Kd7 15. Nf3 b5 16. Bd2 Ra4 17. O-O Bh5 18. e3 Bxf3 19. Bxf3 Rh4 20. Kg2 g5 21. d4 Bd6 22. Rfd1 f5 23. d5 exd5 24. Bxd5 Rf8 25. f3 g4 26. Bxc6+ bxc6 27. hxg4 fxg4 28. f4 Ke6 29. Rh1 Be7 30. Bc3 Rd8 31. Rxh4 Bxh4 32. Rh1 Bf6 33. Rh6 Rf8 34. Kg3 c5 35. Rxf6+ Rxf6 36. Bxf6 Kxf6 37. Kxg4 Kg6 38. e4 Kf6 39. Kh5 Kg7 40. e5 b4 41. axb4 cxb4 42. f5 Kf7 43. Kh6 Kg8 44. e6 1-0

[Event "Corr"]
[Site "?"]
[Date "2001.03.25"]
[Round "?"]
[White "Payne Kenton Dale"]
[Black "Krol Wladyslaw"]
[Result "1/2-1/2"]
[WhiteElo "2210"]
[BlackElo "2208"]
[PlyCount "84"]
[EventDate "2001.??.??"]
[Source "www.chesslib.no"]
[SourceDate "2004.05.04"]

1. g4 d5 2. h3 e5 3. b3 Nc6 4. Bg2 Be6 5. d3 Bc5 6. Nf3 e4 7. dxe4 dxe4 8. Qxd8+ Rxd8 9. Nfd2 Nb4 10. Na3 Bd4 11. Rb1 e3 12. fxe3 Bc3 13. Bxb7 Ne7 14. Nb5 Nxc2+ 15. Kf2 Bxd2 16. Be4 Ba5 17. Bxc2 h5 18. Bb2 Rd2 19. Nd4 Bd5 20. Rhd1 hxg4 21. hxg4 Rh2+ 22. Kg3 Rg2+ 23. Kh3 Rxc2 24. Nxc2 Rxe2 25. Nd4 Rxe3+ 26. Kh2 c6 27. Ba3 Bc7+ 28. Kg1 Re4 29. Bc5 Rxg4+ 30. Kf1 Bb6 31. Rbc1 g5 32. a4 Rh4 33. b4 Bxc5 34. Rxc5 g4 35. b5 cxb5 36. axb5 g3 37. Ne2 Bc4 38. Ke1 Re4 39. Rxc4 Rxc4 40. Nxg3 Rc5 41. Rb1 Kd7 42. b6 axb6 1/2-1/2

[Event "Paris Ch"]
[Site "Paris FRA"]
[Date "1993.??.??"]
[Round "6"]
[White "Wavresky, Pierre"]
[Black "Martine, Jean Christophe"]
[Result "0-1"]
[WhiteElo "2210"]
[BlackElo "2205"]
[PlyCount "94"]
[EventDate "1993.04.??"]
[Source "www.chesslib.no"]
[SourceDate "2004.05.04"]

1. g4 d5 2. h3 e5 3. Bg2 h5 4. gxh5 Bc5 5. d3 Qh4 6. e3 Nf6 7. Nf3 Qxh5 8. d4 exd4 9. exd4 Bd6 10. Nc3 c6 11. Qe2+ Be6 12. Ng5 Qxe2+ 13. Nxe2 Bf5 14. c3 Nbd7 15. Bf4 Bxf4 16. Nxf4 Nh5 17. Ne2 f6 18. Nf3 g5 19. O-O-O Bg6 20. Nh2 O-O-O 21. Nf1 Rde8 22. Nfg3 f5 23. Rde1 Ndf6 24. Bf3 Ng7 25. Kd2 Ne4+ 26. Nxe4 dxe4 27. Bg2 f4 28. f3 e3+ 29. Kc1 Nf5 30. Bf1 Nh4 31. Ng1 Bh5 32. Be2 Nf5 33. Rh2 Ng3 34. Bd1 Re7 35. b4 Be8 36. Rg2 Bd7 37. Rh2 Reh7 38. Bc2 Rh6 39. a4 Bxh3 40. Ne2 Be6 41. Rxh6 Nxe2+ 42. Rxe2 Rxh6 43. Rg2 g4 44. Be4 g3 45. Rg1 Rh2 46. a5 Kc7 47. Kb1 g2 0-1

[Event "APCT"]
[Site "APCT"]
[Date "1995.??.??"]
[Round "?"]
[White "Quigley, Daniel J"]
[Black "Downey, Michael"]
[Result "0-1"]
[WhiteElo "2070"]
[BlackElo "2335"]
[PlyCount "42"]
[EventDate "1995.??.??"]
[Source "www.chesslib.no"]
[SourceDate "2004.05.04"]

1. g4 d5 2. Bg2 c6 3. h3 e5 4. e4 Ne7 5. d3 Ng6 6. exd5 Nh4 7. Kf1 Nxg2 8. Kxg2 cxd5 9. Qf3 Be6 10. Nc3 Nc6 11. a3 h5 12. g5 Be7 13. g6 fxg6 14. Qg3 Bh4 15. Qxg6+ Bf7 16. Qf5 O-O 17. Rh2 Qe8 18. Qf3 Be6 19. Qd1 Rxf2+ 20. Kh1 Rxh2+ 21. Kxh2 Qg6 0-1

[Event "It"]
[Site "?"]
[Date "2004.04.12"]
[Round "2"]
[White "Petakov Uros"]
[Black "Klasan Vladimir"]
[Result "1-0"]
[WhiteElo "2251"]
[BlackElo "2151"]
[PlyCount "63"]
[EventDate "2004.??.??"]
[Source "www.chesslib.no"]
[SourceDate "2004.05.04"]

1. g4 d5 2. Bg2 c6 3. h3 e5 4. d3 Bc5 5. Nc3 Ne7 6. e4 Be6 7. Nf3 Qc7 8. O-O Nd7 9. exd5 cxd5 10. d4 exd4 11. Nxd4 Bxd4 12. Qxd4 O-O 13. Bf4 Qb6 14. Rfd1 Rac8 15. Qxb6 Nxb6 16. Bd6 Rfe8 17. Nb5 Nc6 18. Bc5 Nd7 19. Ba3 Red8 20. f4 Nb6 21. f5 Bd7 22. Nd6 Rc7 23. b3 Ne5 24. Rd2 Bc6 25. f6 d4 26. fxg7 Bxg2 27. Kxg2 Nd5 28. Nf5 Rdc8 29. c4 Ne3+ 30. Kf2 Nxf5 31. gxf5 Kxg7 32. Bd6 1-0

[Event "Espergarde"]
[Site "Espergarde"]
[Date "1974.??.??"]
[Round "7"]
[White "Wennerwald, P."]
[Black "Telling, K."]
[Result "1-0"]
[WhiteElo "2200"]
[BlackElo "2200"]
[PlyCount "63"]
[EventDate "1974.??.??"]
[Source "ChessBase"]

1. g4 e5 2. Bg2 Nc6 3. c4 Bc5 4. e3 Nge7 5. Nc3 d6 6. h3 Nb4 7. d3 c6 8. a3 Na6 9. b4 Bb6 10. Nf3 O-O 11. Qb3 Ng6 12. Bb2 Be6 13. O-O-O d5 14. Ne2 Nh4 15. Rhg1 Nxg2 16. Rxg2 f6 17. g5 Bc7 18. gxf6 Qxf6 19. Nf4 Rae8 20. Ng5 Bf7 21. Rdg1 Qh6 22. Nxf7 Rxf7 23. cxd5 g6 24. Nxg6 hxg6 25. Rxg6+ Qxg6 26. Rxg6+ Kh7 27. Re6 Rg8 28. Qd1 Rg5 29. h4 Rgf5 30. Qg4 cxd5 31. Qg6+ Kh8 32. Qh6+ 1-0

[Event "Corr"]
[Site "?"]
[Date "1997.??.??"]
[Round "5"]
[White "Stobbe Athur J"]
[Black "Bordoni Nestor"]
[Result "0-1"]
[WhiteElo "2200"]
[BlackElo "2200"]
[PlyCount "38"]
[EventDate "1997.??.??"]
[Source "www.chesslib.no"]
[SourceDate "2004.05.04"]

1. g4 d5 2. Bg2 Bxg4 3. c4 Nf6 4. cxd5 c6 5. Qb3 Qb6 6. f3 Qxb3 7. axb3 Bh5 8. dxc6 Nxc6 9. e3 e5 10. Na3 Bc5 11. Ne2 Na5 12. Nb5 Nxb3 13. Ra4 O-O 14. O-O Bg6 15. Nec3 Bd3 16. Rd1 a6 17. Nc7 Rac8 18. N7d5 Nxd5 19. Nxd5 Bc2 0-1

[Event "Tatry Open"]
[Site "?"]
[Date "2003.10.03"]
[Round "8"]
[White "Belis Rudolf"]
[Black "Smolen Jan"]
[Result "0-1"]
[WhiteElo "2143"]
[BlackElo "2256"]
[PlyCount "78"]
[EventDate "2003.??.??"]
[Source "www.chesslib.no"]
[SourceDate "2004.05.04"]

1. g4 d5 2. Bg2 c6 3. e3 e5 4. d4 h5 5. gxh5 Qg5 6. Kf1 e4 7. c4 b6 8. Nh3 Qh4 9. Nf4 Bd6 10. cxd5 Bxf4 11. exf4 cxd5 12. Qb3 Nf6 13. Nc3 Rxh5 14. Be3 Kf8 15. Ke1 Ba6 16. Kd2 Bc4 17. Qa3+ Kg8 18. Ne2 Bxe2 19. Kxe2 Qg4+ 20. Kf1 Nc6 21. h3 Qd7 22. Ke2 Na5 23. Qb4 Ne8 24. b3 Rh6 25. Rac1 Rc6 26. Rxc6 Nxc6 27. Qa4 b5 28. Qa3 Nd6 29. Rc1 Nf5 30. Kd1 Ncxd4 31. Qc5 Nxe3+ 32. fxe3 Nf5 33. Ke1 Qd8 34. Rc2 Qh4+ 35. Rf2 d4 36. Bxe4 dxe3 37. Qc2 Re8 38. Bxf5 exf2+ 39. Kf1 Re1+ 0-1

[Event "It Open"]
[Site "?"]
[Date "1999.??.??"]
[Round "7"]
[White "Ciobanu Aurelian"]
[Black "Bodnar Ovidiu"]
[Result "0-1"]
[WhiteElo "2255"]
[BlackElo "2135"]
[PlyCount "84"]
[EventDate "1999.??.??"]
[Source "www.chesslib.no"]
[SourceDate "2004.05.04"]

1. g4 d5 2. Bg2 c6 3. h3 e5 4. e4 Be6 5. Nc3 d4 6. Nce2 d3 7. cxd3 Qxd3 8. Nf3 f6 9. O-O Bc4 10. Ng3 Qd7 11. d4 Bxf1 12. Bxf1 exd4 13. e5 fxe5 14. Nxe5 Qe6 15. Qxd4 Nd7 16. Nd3 c5 17. Qc3 O-O-O 18. Be3 Ngf6 19. Bg2 Nd5 20. Qb3 N7b6 21. Bxc5 Nc7 22. Bxb6 Qxb3 23. axb3 axb6 24. Ne5 Re8 25. Nf7 Rg8 26. Ra7 Bc5 27. b4 Bxb4 28. Nf5 Re6 29. Rxb7 g6 30. N5h6 Rf8 31. f4 Bc5+ 32. Kh2 Re2 33. Ra7 Rxb2 34. Ng5 Re8 35. Kg3 Bf2+ 36. Kh2 Ree2 37. Bf3 Rec2 38. Ra1 Be3+ 39. Kg3 Bf2+ 40. Kg2 Bh4+ 41. Kg1 Ra2 42. Rxa2 Rxa2 0-1

[Event "Corr"]
[Site "?"]
[Date "2004.09.04"]
[Round "?"]
[White "Heedt Thorsten"]
[Black "Kleinsorgen Horst M"]
[Result "0-1"]
[WhiteElo "2244"]
[BlackElo "2145"]
[PlyCount "48"]
[EventDate "2004.??.??"]
[Source "www.chesslib.no"]
[SourceDate "2004.05.04"]

1. g4 d5 2. h3 h5 3. g5 e5 4. d3 Nc6 5. Bg2 Be6 6. Nc3 Nge7 7. e4 d4 8. Nce2 Ng6 9. Nf3 Bc5 10. a3 Qd7 11. b4 Bb6 12. Bd2 a6 13. Qb1 O-O 14. h4 Bg4 15. Ng3 a5 16. b5 Nce7 17. a4 Bc5 18. Qb3 Rfd8 19. Ng1 c6 20. N1e2 Qc7 21. f3 Be6 22. Qb2 cxb5 23. Qxb5 Rd6 24. Qb1 Bb4 0-1

[Event "It (Open) Split CRO"]
[Site "?"]
[Date "2005.08.20"]
[Round "6"]
[White "Matas Mladen"]
[Black "Plenkovic Zdenko"]
[Result "0-1"]
[WhiteElo "2064"]
[BlackElo "2321"]
[PlyCount "136"]
[EventDate "2005.??.??"]
[Source "www.chesslib.no"]
[SourceDate "2004.05.04"]

1. g4 d5 2. Bg2 c6 3. h3 h5 4. g5 h4 5. Nf3 e5 6. d3 Bd6 7. c3 Ne7 8. e4 Be6 9. Be3 Nd7 10. Nbd2 Ng6 11. Qc2 Bc5 12. d4 exd4 13. cxd4 Be7 14. e5 Ndf8 15. Bf1 Qd7 16. O-O-O Bf5 17. Bd3 Bxd3 18. Qxd3 Ne6 19. Rdg1 O-O-O 20. Rg4 Kb8 21. Ne1 c5 22. f4 cxd4 23. Bxd4 Rc8+ 24. Kb1 Nxd4 25. Qxd4 Qf5+ 26. Qd3 Qd7 27. Nef3 Bc5 28. Nb3 Bb6 29. Rd1 Rc4 30. Qxc4 Qxg4 31. hxg4 dxc4 32. f5 cxb3 33. fxg6 bxa2+ 34. Kxa2 fxg6 35. Rd7 h3 36. Rxg7 Bg1 37. Rxg6 h2 38. Nxh2 Bxh2 39. Rh6 Bxe5 40. Re6 Bd4 41. b4 Rg8 42. g6 Kc8 43. Rd6 Rd8 44. Re6 Rd7 45. Kb3 Rg7 46. Kc4 Kd7 47. Kd5 Bc3 48. b5 Bb4 49. g5 Be7 50. Ke5 Bxg5 51. Kf5 Be7 52. Re4 Kc7 53. Re6 Bc5 54. Kf6 Bd4+ 55. Kg5 Rd7 56. Kh6 b6 57. Re8 Kb7 58. Re6 a6 59. bxa6+ Kxa6 60. Kg5 Ka5 61. Kf5 b5 62. Re8 b4 63. Ke6 Ra7 64. Kd5 Bg7 65. Kc4 Ka4 66. Rb8 Rc7+ 67. Kd5 b3 68. Kd6 Ra7 0-1

[Event "Corr"]
[Site "?"]
[Date "2002.03.15"]
[Round "?"]
[White "Maiorov Oleg Ivanovich"]
[Black "Rozzoni Davide"]
[Result "0-1"]
[WhiteElo "2266"]
[BlackElo "2096"]
[PlyCount "112"]
[EventDate "2002.??.??"]
[Source "www.chesslib.no"]
[SourceDate "2004.05.04"]

1. g4 e5 2. c4 d5 3. Bg2 dxc4 4. Qa4+ c6 5. Qxc4 Be6 6. Qc3 Nd7 7. Nf3 Ngf6 8. Nxe5 Nxe5 9. Qxe5 Nxg4 10. Qc3 Qb6 11. e3 Bb4 12. Qxg7 O-O-O 13. Nc3 f6 14. h3 Rdg8 15. Qxh8 Rxh8 16. hxg4 Bxg4 17. Rh6 Qd8 18. d4 Qg8 19. Bd2 Bf5 20. Bf1 Qg7 21. Rh4 Qg5 22. Rh1 h5 23. Rc1 Re8 24. a3 Bd6 25. d5 Kb8 26. dxc6 bxc6 27. Ne2 Bg4 28. Rg1 c5 29. b4 cxb4 30. axb4 Qe5 31. Bc3 Qe4 32. Nd4 Bxb4 33. Bxb4 Qxd4 34. Bc5 Qe4 35. Bg2 Qd3 36. Bf1 Qf5 37. Bg2 Rd8 38. f3 Bh3 39. Bxh3 Qxh3 40. Rb1+ Ka8 41. Bd4 Qxf3 42. Ra1 Qe4 43. Bxa7 Kb7 44. Rg7+ Kc6 45. Rc1+ Kb5 46. Ke2 Qd3+ 47. Kf3 h4 48. Rb7+ Ka6 49. Rg7 h3 50. Ra1+ Kb5 51. Rb7+ Kc6 52. Rb6+ Kd7 53. Rxf6 Qd5+ 54. e4 Qh5+ 55. Kf4 Re8 56. Ke3 Qd5 0-1